Nations of the F1 grid - Statistics

General Stats
  • This quiz has been taken 25 times
  • The average score is 19 of 20
Answer Stats
Hint Answer % Correct
Lance Stroll Canada
100%
Charles Leclerc Monaco
100%
Fernando Alonso Spain
100%
Carlos Sainz Jr Spain
100%
Lando Norris United Kingdom
100%
Lewis Hamilton United Kingdom
100%
George Russell United Kingdom
100%
Oliver Bearman United Kingdom
100%
Oscar Piastri Australia
95%
Jack Doohan Australia
95%
Pierre Gasly France
95%
Esteban Ocon France
95%
Isack Hadjar France
95%
Kimi Antonelli Italy
95%
Max Verstappen Netherlands
95%
Nico Hulkenberg Germany
91%
Yuki Tsunoda Japan
91%
Gabriel Bortoleto Brazil
86%
Liam Lawson New Zealand
86%
Alex Albon Thailand
86%
No matching quizzes found
Score Distribution
Percent of People with Each Score
Percentile by Number Answered
Your Score History
You have not taken this quiz